Natural relief of anxiety : (Record no. 10909)
[ view plain ]
| 000 -LEADER | |
|---|---|
| fixed length control field | 00802nam a22002412 4500 |
| 001 - CONTROL NUMBER | |
| control field | 0000007010 |
| 005 - DATE AND TIME OF LATEST TRANSACTION | |
| control field | 20151217154400.0 |
| 008 - FIXED-LENGTH DATA ELEMENTS--GENERAL INFORMATION | |
| fixed length control field | 071107s xx 000 0 eng d |
| 020 ## - INTERNATIONAL STANDARD BOOK NUMBER | |
| International Standard Book Number | 8130900319 : |
| Terms of availability | KES 665 |
| 040 ## - CATALOGING SOURCE | |
| Original cataloging agency | KABU |
| Transcribing agency | KABU |
| 100 1# - MAIN ENTRY--PERSONAL NAME | |
| Personal name | Bourne, Edmund J. |
| -- | 0000158020 |
| 245 10 - TITLE STATEMENT | |
| Title | Natural relief of anxiety : |
| Remainder of title | complementary strategies for easing fear, panic & worry / |
| Statement of responsibility, etc. | Edmund J. Bourne, Arlen Brownstein, Lorna Garano. |
| 260 ## - PUBLICATION, DISTRIBUTION, ETC. (IMPRINT) | |
| Place of publication, distribution, etc. | New Delhi : |
| Name of publisher, distributor, etc. | Vinod Vasishtha, |
| Date of publication, distribution, etc. | 2005. |
| 300 ## - PHYSICAL DESCRIPTION | |
| Extent | 213 p. |
| 650 #0 - SUBJECT ADDED ENTRY--TOPICAL TERM | |
| Topical term or geographic name as entry element | Anxiety. |
| -- | 0000053725 |
| 650 #0 - SUBJECT ADDED ENTRY--TOPICAL TERM | |
| Topical term or geographic name as entry element | Fear. |
| -- | 0000148067 |
| 650 #0 - SUBJECT ADDED ENTRY--TOPICAL TERM | |
| Topical term or geographic name as entry element | Panic disorder. |
| -- | 0000158021 |
| 700 1# - ADDED ENTRY--PERSONAL NAME | |
| Personal name | Brownstein, Arlen. |
| -- | 0000158022 |
| 700 1# - ADDED ENTRY--PERSONAL NAME | |
| Personal name | Garano, Lorna. |
| -- | 0000158023 |
| 908 ## - PUT COMMAND PARAMETER (RLIN) | |
| Put command parameter | 071107 |
| 950 ## - LOCAL HOLDINGS (RLIN) | |
| -- | 1 |
| Withdrawn status | Lost status | Source of classification or shelving scheme | Not for loan | Home library | Current library | Date acquired | Total Checkouts | Full call number | Barcode | Date last seen | Price effective from | Koha item type |
|---|---|---|---|---|---|---|---|---|---|---|---|---|
| Library of Congress Classification | Kabarak, Main Campus | Kabarak, Main Campus | 17/12/2015 | RC531 .B68 | 012884 | 25/05/2018 | 17/12/2015 | General Collection |